| 000 | 00590nam a2200169 a 4500 | ||
|---|---|---|---|
| 005 | 20140412111420.0 | ||
| 008 | 070927s19uu xx 00 eng d | ||
| 020 | _a0-671-66744-0 | ||
| 050 |
_aTR(PS E _bKi58 1980 |
||
| 100 | _aGwynne, Fred | ||
| 245 |
_aThe king who rained / _cFred Gwynne. |
||
| 260 |
_aUSA : _bSimon & Schuster, _c1980. |
||
| 300 | _a1v. unp. | ||
| 520 | _aA little girl pictures the things her parents talk about, such as a king who rained, bear feet, and the foot prince in the snow. | ||
| 650 |
_aEnglish language _xHomonyms _xJuvenile literature |
||
| 999 |
_c105999 _d105999 |
||